Producción y pobreza /
El documento gira en torno a la producción y al crecimiento, muy vinculado a la producción y pobreza. Analizando el caso de Nicaragua, expuesto en dos secciones: la primera es una visión general y la segunda tratará de dar algunas soluciones
Shranjeno v:
| Glavni avtor: | |
|---|---|
| Format: | Texto |
| Teme: | |
| Oznake: |
Označite
Brez oznak, prvi označite!
|
MARC
| LEADER | 00000 a a2200000 04500 | ||
|---|---|---|---|
| 001 | 6938 | ||
| 003 | |||
| 040 | |||
| 100 | |a Comas Giralt, Carlos | ||
| 245 | |a Producción y pobreza / |c Carlos Comas Giralt | ||
| 520 | |a El documento gira en torno a la producción y al crecimiento, muy vinculado a la producción y pobreza. Analizando el caso de Nicaragua, expuesto en dos secciones: la primera es una visión general y la segunda tratará de dar algunas soluciones | ||
| 650 | |a POBREZA | ||
| 650 | |a EMPLEO | ||
| 650 | |a HORAS DE TRABAJO | ||
| 650 | |a NICARAGUA | ||
| 773 | |g volumen 39, número 77; páginas 129-137 | ||
| 999 | |c 30578 |d 30578 | ||
